|
|
|
|
| LEADER |
00695cam a2200205ua 4500 |
| 008 |
120121t2010||||||||||| 00 ||mal c |
| 041 |
0 |
|
|a mal
|
| 082 |
|
|
|a M 894.812 3
|b PAD/V.2
|
| 245 |
0 |
0 |
|a Vadakaikku oru hrudhayavum mattu novalukalum: Padmarajan sampoorna novalukal vol-II /
|
| 260 |
|
|
|a Thrissur:
|b Current Books,
|c 2010.
|
| 300 |
|
|
|a 648p..
|
| 362 |
1 |
|
|a 2010.
|
| 650 |
|
|
|a Literature
|
| 650 |
0 |
|
|a Malayalam literature
|
| 650 |
0 |
|
|a Malayalam fiction
|
| 650 |
0 |
|
|a Padmarajan
|
| 700 |
0 |
2 |
|a Padmarajan,
|
| 942 |
|
|
|c BK
|
| 999 |
|
|
|c 26616
|d 26616
|
| 952 |
|
|
|0 0
|1 0
|4 0
|6 M_894_812000000000000_3_PADV
|7 0
|9 28365
|a KUCL
|b KUCL
|d 2014-05-23
|l 3
|m 1
|o M 894.812 3 PAD/V.
|p 28253
|r 2016-09-28
|s 2016-09-28
|w 2014-05-23
|y BK
|